The telecommunications handbook (Record no. 400856)

MARC details
000 -LEADER
fixed length control field 00703nam a2200217Ia 4500
008 - FIXED-LENGTH DATA ELEMENTS--GENERAL INFORMATION
fixed length control field 191130s2000##################000#0#eng##
020 ## - INTERNATIONAL STANDARD BOOK NUMBER
ISBN 9780849331374
082 ## - DEWEY DECIMAL CLASSIFICATION NUMBER
Classification number 384 TER
245 ## - TITLE STATEMENT
Title The telecommunications handbook
Statement of responsibility, etc editors-in-chief, Kornel Terplan, Patricia Morreale
260 ## - PUBLICATION, DISTRIBUTION, ETC. (IMPRINT)
Place of publication Boca Raton, FL
Name of publisher CRC Press
Year of publication c2000
300 ## - PHYSICAL DESCRIPTION
Number of Pages 1 v. (various pagings) : ill. ; 26 cm.
500 ## - GENERAL NOTE
General note Includes bibliographical references and index
650 ## - SUBJECT ADDED ENTRY--TOPICAL TERM
Topical Term Telecommunication - Handbooks, manuals, etc
700 ## - ADDED ENTRY--PERSONAL NAME
Personal name Morreale, Patricia
Personal name Terplan, Kornel
991 ## -
-- 337580

No items available.

Find us on the map